Sobre la participación en las ganancias de los trabajadores (Registro nro. 21144)

Detalles MARC
000 -LEADER
fixed length control field 00348 a2200109 4500
001 - CONTROL NUMBER
control field ART_42537
005 - DATE AND TIME OF LATEST TRANSACTION
control field 20260410161807.0
008 - FIXED-LENGTH DATA ELEMENTS--GENERAL INFORMATION
fixed length control field 260409a
100 1# - MAIN ENTRY--PERSONAL NAME
Personal name Arecha, Martín
245 10 - TITLE STATEMENT
Title Sobre la participación en las ganancias de los trabajadores
773 0# - HOST ITEM ENTRY
Title Doctrina Societaria y Concursal
Related parts - Nº 276 (nov. 2010)
Record control number REV4298

No hay ítems disponibles.